| 000 | 01694nam a2200349 i 4500 | ||
|---|---|---|---|
| 001 | 000045363 | ||
| 003 | DO-SdBNP | ||
| 005 | 20250704111359.0 | ||
| 007 | ta | ||
| 008 | 150305s2014 dr abo 000 0 spa d | ||
| 020 | _a9789945166453 | ||
| 040 |
_aDO-SdBNP _bspa _cBNPHU _erda |
||
| 082 |
_axxxx _bM828 _222 |
||
| 100 | 1 |
_aMorales Troncoso, Carlos, _d1940-2014. _953404 _eautor _4aut. |
|
| 245 | 1 | 0 |
_aHuellas : _bcreando lazos de entendimiento / _cCarlos Morales Troncoso ; coordinación Evelyn Estrella ; edición Tomás Castro Burdiez ; colaboradores Joaquín Ricardo, Aníbal de Castro, Rosángela Batlle. |
| 250 | _aPrimera edición | ||
| 264 | 1 |
_aSanto Domingo : _bFundación Morales Alba, _c2014. |
|
| 300 |
_a158 páginas _bilustraciones, mapas, fotografías ; _c31 cm. |
||
| 336 |
_atexto _btxt _2rdacontent |
||
| 337 |
_asin mediación _bn _2rdamedia |
||
| 338 |
_avolumen _bnc _2rdacarrier |
||
| 500 | _aIncluye datos biográficos del autor en las solapas. | ||
| 505 | 0 |
_aFormación para la profesionalización diplomática -- _tModernización, tecnología y transparencia -- _tSeguridad y soberanía -- _tProtección al medio ambiente y manejo de crisis -- _tServicios que procuran la excelencia -- _tDesarrollo comercial -- _tRelaciones multilaterales -- _tRelaciones bilaterales -- _tReflexiones -- |
|
| 590 | _aInventariado, 2025/ YL | ||
| 700 | 1 | 2 |
_aEstrella, Evelyn, _ecoordinadora _942978 _4coord. |
| 700 | 2 |
_aCastro, Tomás, _d1959- _eeditor _924641 _4ed. |
|
| 700 | 2 |
_aRicardo, Joaquín _ecolaborador _4col. _975051 |
|
| 700 | 2 |
_aCastro, Aníbal de _ecolaborador _4col. _98559 |
|
| 700 | 2 |
_aBatlle. Rosángela _ecolaborador _4col. _988261 |
|
| 910 | _aYLockward | ||
| 942 |
_2ddc _cLBS1 |
||
| 999 |
_c44852 _d44852 |
||